000 00344 a2200169 4500
001 186541
020 _a85-85672-77-3
040 _cMagnum
100 _aBrandao, Maria do Carmo
240 1 0 _aA aranha
_lpor
245 1 0 _aA aranha
300 _a20
362 0 _a2001
440 1 _aMiguilim
697 _aLITERATURA INFANTIL
942 _cBK
999 _c186541
_d186541